00495cam a22001338a 4500020002300000040000800023082002600031100001700057245011000074260007400184300002600258650002800284710004900312 a0896291200 (paper) cDLC00a330 INT 2001 C146 Or.1 aWobst, Peter00aStructural adjustment and intersectoral shifts in Tanzania :ba computable general equilibrium analysis / aWashington, DC :bInternational Food Policy Research Institute,c2001 axvii, 193 p. ;c25 cm 0aEquilibrium (Economics)2 aInternational Food Policy Research Institute